Sinopsis de los evangelios
Gorde:
| Egile nagusia: | |
|---|---|
| Formatua: | Liburua |
| Hizkuntza: | gaztelania |
| Argitaratua: |
Bogotá
Pontificia Universidad Javeriana
2004
|
| Edizioa: | 1a. ed |
| Saila: | Colección Apuntes de Teología
|
| Gaiak: | |
| Etiketak: |
Etiketa erantsi
Etiketarik gabe, Izan zaitez lehena erregistro honi etiketa jartzen!
|
MARC
| LEADER | 00000nam a2200000 a 4500 | ||
|---|---|---|---|
| 001 | UCI0014 | ||
| 003 | CL-VaPUC | ||
| 008 | 070420e20040000CK |||||||||||||||||spa|d | ||
| 082 | 0 | 4 | |a 226 |b ORT |2 21 |
| 100 | |a Ortiz Valdivieso, Pedro |e autor |9 520060 | ||
| 245 | 1 | 0 | |a Sinopsis de los evangelios |
| 250 | |a 1a. ed | ||
| 300 | |a 136 p | ||
| 942 | |c BK | ||
| 945 | |d 20070420 00:00:00 |a cmena | ||
| 260 | |a Bogotá |b Pontificia Universidad Javeriana |c 2004 | ||
| 650 | 0 | |a Evangelios |9 314864 | |
| 650 | 0 | |a Educación religiosa |9 308312 | |
| 650 | 0 | |a Textos sagrados |9 257605 | |
| 650 | 0 | |a Biblia |9 257603 | |
| 583 | |a last modification |c 20070420 00:00:00 |k Rodrigo Vera | ||
| 490 | 0 | |a Colección Apuntes de Teología | |
| 999 | |c 325311 |d 325309 | ||
| 952 | |0 0 |1 0 |4 0 |6 226_000000000000000_ORT_2004 |7 0 |8 A |9 406029 |a BIBTEO |b BIBTEO |d 2019-11-22 |i 4330293 |o 226 ORT 2004 |p 4330293 |r 2025-01-17 |w 2019-11-22 |y BK |k ICR | ||